Statistics for Flag quiz!

Click here to take the quiz!

General Stats

  • This quiz has been taken 15 times
  • The average score is 22 of 25

Answer Stats

Answer% Correct
Belgium
100%
Chile
100%
Estonia
100%
Israel
100%
Nigeria
100%
Portugal
100%
Columbia
93%
Cuba
93%
Cyprus
93%
Egypt
93%
Iran
93%
Latvia
93%
Serbia
93%
Indonesia
87%
Luxembourg
87%
Nepal
87%
Peru
87%
Sri Lanka
87%
Afghanistan
80%
Andorra
80%
Jordan
80%
Moldova
80%
Djibouti
73%
Laos
73%
Libya
67%

Score Distribution

Percentile by Number Answered

Percent of People with Each Score

Your Score History

You have not taken this quiz